00989nam a22001817a 4500999001500000005001700015008004100032040000900073110003200082245023000114260004500344300004000389650003200429650005400461856016600515942002000681952010600701 c7988d798820241128165613.0230717b ||||| |||| 00| 0 eng d aCDMR 94995aAldeas Infantiles SOS aRecomendaciones para una comunicación con perspectiva de infancia [Recurs electrònic] b: basadas en la Guía y Código Deontológico para la comunicación sobre la infancia y la adolescenciac/ Aldeas Infantiles SOS  a[S.l.] : bAldeas Infantiles SOS, c2023 a1 recurs electrònic (5 pàgines) 09983aÈtica periodística 093487aMitjans de comunicació de massa i infants zAccés en líniauhttps://www.periodistes.cat/sites/default/files/public/continguts/actualitat/2023/03/documents/310123-recomendaciones-aldeas-infantiles-1.pdf 2udccRECURS_WEB 00102udc4070aCDMRbCDMRd2024-11-28l0oDisponible en líniar2024-11-28w2024-11-28yRECURS_WEB